College Quizbowl Stats
College Quizbowl Stats
Circuits
Seasons
Sets
Records
Detailed Stats
About
Loading...
2024 ACF Winter at Oxford
Tossups
Bonuses
Players
Teams
Categories (Tossup)
Categories (Bonus)
Enoch Boateng
Manchester A
Categories
Category
Powers
Gets
Negs
BBs
Points
Earliest Buzz
Avg. Buzz
First Buzzes
Top 3 Buzzes
Science - Biology
0
3
2
0
20
45
63.67
0
2
Religion
0
1
0
0
10
80
80.00
1
1
Science - Chemistry
0
1
0
0
10
60
60.00
0
1
Social Science
0
1
1
0
5
71
71.00
0
1
Geography/Current Events
0
0
2
0
-10
0.00
0
0
Buzzes
Category
Answer
Value
Buzz Position
Geography/Current Events
sports betting
-5
18
Social Science
attribution
-5
41
Science - Biology
tuberculosis
10
45
Science - Biology
bile
-5
49
Geography/Current Events
Cuban-American
-5
54
Science - Chemistry
drugs
10
60
Science - Biology
T cells
10
66
Social Science
police
10
71
Science - Biology
biodiversity
-5
79
Science - Biology
stem cells
10
80
Previous
1
2
Next